Aventuras de Robinson Crusoe (Registro nro. 10254)
[ vista simple ]
| 000 -CABECERA | |
|---|---|
| Longitud fija campo de control | 00445nam a2200181 a 4500 |
| 003 - • IDENTIFICADOR DELl NÚMERO DE CONTROL | |
| Identificador del número de control | CO-ViMGA |
| 008 - • CÓDIGOS DE INFORMACIÓN DE LONGITUD FIJA | |
| Códigos de información de longitud fija | 141112s2004 ck r 000 u spa d |
| 020 ## - • NÚMERO INTERNACIONAL NORMALIZADO PARA LIBROS | |
| Número Internacional Normalizado para Libros (ISBN) | 8423990435 |
| 040 ## - FUENTE DE LA CATALOGACIÓN | |
| Centro catalogador de origen | CO-ViMGA |
| Lengua de catalogación | spa |
| Centro transcriptor | CO-ViMGA |
| 082 04 - • NÚMERO DE LA CLASIFICACIÓN DECIMAL DEWEY | |
| Número de clasificación (R) | 823.51 D336a |
| 100 1# - • PUNTO DE ACCESO PRINCIPAL-NOMBRE DE PERSONA | |
| Nombre de persona | Defoe, Daniel |
| 245 10 - • TITULO PROPIAMENTE DICHO | |
| Título | Aventuras de Robinson Crusoe |
| 490 0# - • MENCIÓN DE SERIE | |
| Mención de serie | Espasa Juvenil |
| 650 14 - • PUNTO DE ACCESO ADICIONAL DE MATERIA - TÉRMINO DE MATERIA | |
| Término de materia o nombre geográfico como elemento inicial | Novela inglesa |
| 942 ## - ENTRADA DE ELEMENTOS AGREGADOS (KOHA) | |
| Fuente de clasificaión o esquema | Dewey Decimal Classification |
| Koha [por defecto] tipo de item | LIbro |
| Perdido | Fuente de clasificación o esquema | Estado Físico | No para préstamo | Forma de adquisición | Localización permanente | Localización actual | Fecha adquisición | Serie de enumeración / cronolog&íacute;a | Préstamos totales | Signatura completa | Código de barras | Fecha última consulta | Número de copia | Fecha del precio de reemplazo | Tipo de item de Koha | Número de registro |
|---|---|---|---|---|---|---|---|---|---|---|---|---|---|---|---|---|
| Dewey Decimal Classification | Sala General | Biblioteca Barrio Porfia - Villavicencio | Biblioteca Barrio Porfia - Villavicencio | 12/04/2015 | 14/dic/2010 | 823.51 D336a | 23794 | 12/04/2015 | Ej. 1 | 12/04/2015 | LIbro | |||||
| Dewey Decimal Classification | Biblioteca Pública Vistahermosa | Biblioteca Pública Vistahermosa | 06/12/2024 | N | VIST 0001227 | 06/12/2024 | Ej.1 | 06/12/2024 | LIbro | N DEF1 Ej.1 |